| 000 | 00461nam a2200169Ia 4500 | ||
|---|---|---|---|
| 008 | 210719s1997 xx 000 0 und d | ||
| 020 | _a0201835959 | ||
| 041 | _aeng | ||
| 082 | _a001.6425 BROM | ||
| 100 | _aBROOKS (Frederick P) | ||
| 245 | _aMythical man month essays on software engineering anniversary edition. | ||
| 260 |
_aCalifornia _bAddison-Wesley _c1997 |
||
| 300 |
_a322 _bPB |
||
| 365 | _cRs | ||
| 650 | _aComputer Science | ||
| 906 | _aSoftware | ||
| 999 |
_c213608 _d213608 |
||